Plädoyer für eine radikal-demokratische Wende der DDR-Ökonomie: Verschenkt die Kombinate und VEB an die Einwohner.

Výzva na demokratický prechod v ekonomike NDR prerozdelením vlastníctva na občanov NDR. Potreba zastavenia emigrácie do SRN. Problematika menovej a hospodárskej únie v súvislosti s nízkou efektivitou práce v NDR v porovnaní so SRN. Náklady na realizáciu menovej únie medzi oboma nemeckými štátmi.

Enregistré dans:
Détails bibliographiques
Auteur principal: Schmid-Schönbein, T.
Format: Chapitre de livre
Langue:allemand
Sujets:
Tags: Ajouter un tag
Pas de tags, Soyez le premier à ajouter un tag!

MARC

LEADER 00000naa a2200000 4500
001 r001294
005 20240618122424.7
041 0 |a ger 
044 |a DE 
245 1 0 |a Plädoyer für eine radikal-demokratische Wende der DDR-Ökonomie: Verschenkt die Kombinate und VEB an die Einwohner.  |c T. Schmid-Schönbein 
520 |a Výzva na demokratický prechod v ekonomike NDR prerozdelením vlastníctva na občanov NDR. Potreba zastavenia emigrácie do SRN. Problematika menovej a hospodárskej únie v súvislosti s nízkou efektivitou práce v NDR v porovnaní so SRN. Náklady na realizáciu menovej únie medzi oboma nemeckými štátmi. 
610 2 0 |a NDR 
610 2 0 |a Nemecko 
610 2 0 |a emigrácia 
610 2 0 |a mena 
610 2 0 |a marka 
610 2 0 |a vlastníctvo 
610 2 0 |a riadenie NH 
610 2 0 |a efektívnosť práce 
100 1 |a Schmid-Schönbein, T.